[Event "Dhaka Walton op"]
[Site "Dhaka"]
[Date "2018.05.26"]
[Round "1"]
[White "Amir Hossain, Ripon"]
[Black "Bhuiyan, Golam Mostafa"]
[Result "0-1"]
[WhiteElo "1711"]
[BlackElo "2101"]
[PlyCount "60"]
[EventDate "2018.05.26"]
[EventType "swiss"]
[EventRounds "9"]
[EventCountry "BAN"]
[SourceTitle "CBM 184 Extra"]
[Source "ChessBase"]
[SourceDate "2018.06.28"]
[SourceVersion "1"]
[SourceVersionDate "2018.06.28"]
[SourceQuality "1"]

1. d4 Nf6 2. c4 g6 3. Nc3 Bg7 4. e4 d6 5. f4 0-0 6. e5 Nfd7 7. Nf3 c5 8. exd6 exd6 9. d5 Re8+ 10. Kf2 Nf6 11. h3 a6 12. a4 Bf5 13. Bd3 Nbd7 14. g4 Be4 15. g5 Bxf3 16. Qxf3 Nh5 17. Ne4 Qb6 18. Kg2 Re7 19. f5 Ne5 20. Qd1 Nxd3 21. Qxd3 Rae8 22. a5 Qxb2+ 23. Bxb2 Nf4+ 24. Kf1 Nxd3 25. Nf6+ Bxf6 26. Bxf6 Re4 27. fxg6 fxg6 28. Rd1 Nf4 29. Rc1 Re2 30. Bc3 R8e3 0-1

[Event "BAN-chB 41st"]
[Site "Dhaka"]
[Date "2015.10.17"]
[Round "3"]
[White "Mizanur, Rahman1"]
[Black "Amir Hossain, Ripon"]
[Result "1-0"]
[WhiteElo "1857"]
[BlackElo "1726"]
[PlyCount "73"]
[EventDate "2015.10.15"]
[EventType "swiss"]
[EventRounds "11"]
[EventCountry "BAN"]
[SourceTitle "CBM 169 Extra"]
[Source "ChessBase"]
[SourceDate "2015.12.18"]
[SourceVersion "1"]
[SourceVersionDate "2015.12.18"]
[SourceQuality "1"]

1. d4 Nf6 2. c4 d5 3. Nc3 Bg4 4. Qb3 Nbd7 5. cxd5 Nb6 6. e4 a6 7. Be3 Bd7 8. h3 g6 9. Nf3 Bg7 10. Bd3 0-0 11. Rc1 Ne8 12. 0-0 Kh8 13. a4 Bc8 14. Rfd1 Rb8 15. a5 Nd7 16. e5 b6 17. e6 bxa5 18. Qa2 Nb6 19. Ng5 Nd6 20. Nce4 Nxe4 21. Bxe4 fxe6 22. dxe6 Kg8 23. Nf7 Qe8 24. Bc6 Bd7 25. Bxd7 Nxd7 26. Nh6+ Bxh6 27. exd7+ Qf7 28. Qxf7+ Rxf7 29. Bxh6 e6 30. Rxc7 Rd8 31. Bd2 a4 32. Ra1 Rdxd7 33. Rxd7 Rxd7 34. Bc3 Kf7 35. Rxa4 Rd6 36. Rb4 Kf6 37. g4 1-0